000 00769nam a2200241 a 4500
003 BLK
005 20250214101558.0
008 181018b bu ||||| |||| 00| 0 bu d
020 _a9786191711727
040 _aBLK
041 _aBUL
_cBUL
080 _aБългарска литература
_b821.163.2
_z821.163.2-32
139 _bВ 91
245 _aВъзкресения
_bсборник разкази
_cсъстав. Благой Д. Иванов
257 _aBGR
260 _9218251
_aСофия
_bOrange Books
_c2024
300 _a342 с.
_c21 см
380 _aX
700 _9365099
_aИванов, Благой Димитров
942 _cKNG
_n0
_011
999 _c511624
_d511624
999 _d325516
944 _a30545
_cНора Радева
_k30575
_lМартин Енчев